Normal view
MARC view
- الاقتصاد - علم
Entry Topical Term
001 - CONTROL NUMBER
- control field: 41226
003 - CONTROL NUMBER IDENTIFIER
- control field: JO-AjAnu
005 - DATE AND TIME OF LATEST TRANSACTION
- control field: 20230606080841.0
008 - FIXED-LENGTH DATA ELEMENTS
- fixed length control field: 230606|| aca||aabn | a|a d
040 ## - CATALOGING SOURCE
- Original cataloging agency: JO-AjAnu
- Transcribing agency: JO-AjAnu
150 ## - HEADING--TOPICAL TERM
- Topical term or geographic name entry element: الاقتصاد - علم
670 ## - SOURCE DATA FOUND
- Source citation: Work cat.: (JO-AjAnu)21127: تاليف عقل، خضر عبد المجيد، م.مشارك عبد الفتاح عبد الرحمن كراسنه، م.مشارك مأمون حسن السعد, author 41225, مبادىء علم الاقتصاد